Vrcholy slávy bývalý prešovský hádzanár a tréner PhDr. Milan Mikuš má za sebou aktivity na dva životy

Bibliographic Details
Main Author: Banda, Pavol (Author)
Format: Article
Language:Slovak
Subjects:
Online Access:www.vecernik.po.sk

MARC

LEADER 00000nab a2200000 a 4500
001 vtls008829004
003 SK-MaSNL
005 20260303161834.0
008 060706c20060518xo dr n 000 00slo
015 |a SNBRB2006/07SVKPO 
038 |a SVKPOCL 
040 |a SVKPOCL  |b slo  |c AACR2  |e AACR2 
041 |a slo 
044 |a xo  |c SK 
080 |a 796.332.071.4  |2 2001 
080 |a 37-051  |2 2001 
080 |a 929 Mikuš, Milan  |2 2001 
100 1 |a Banda, Pavol  |4 aut  |9 272199 
245 1 0 |a Vrcholy slávy  |b bývalý prešovský hádzanár a tréner PhDr. Milan Mikuš má za sebou aktivity na dva životy  |c Pavol Banda 
300 |a Fotogr. 
600 1 7 |a Mikuš, Milan,  |d 1932-2012  |2 svkpocl  |9 1184724 
650 0 7 |a osobnosti  |2 svkpocl  |9 29820 
651 7 |a Prešov (Slovensko)  |2 svkpocl  |9 17347 
773 0 |t Prešovský večerník  |g Roč. XVII, č. 3957 (18.5.2006), s. 8-9  |x 1336-4030 
852 |a SVKPO  |b KIS3GCP 
856 4 1 |u www.vecernik.po.sk 
958 |a RG 
958 |a BX 
999 |c 2051069  |d 2052999